000 00583nam a2200241 a 4500
001 nice12345678
003 IN_TiNIC
005 20260116011556.0
008 050524s1915 lona grp 000 0 eng
020 _a
_c0
082 0 0 _a305.230297
_bZWE
100 _aZwemer, S M
245 _aChildhood in the Moslem World
260 _aLondon
_bFleming H Revell Compant
_c1915
300 _a270p
500 _aincludes index and biblioraphy
505 2 _aBibliography
650 _aMuslim Children
700 1 _aZwemer, S M
902 _bSRS
942 _cBK
999 _c2698
_d2698